01002nam a2200265Ia 450000500170000000800410001702000190005808200180007724500740009525000190016930000470018850000420023550501350027765000290041265000310044165000440047265000390051694200130055526400300056833600270059833700330062533800280065804000350068699900150072120220317001112.0160825s2007 sp a g 000 0 spa  a9788449419601204aR 646.4bG37m10aMujer creativabmil ideas de punto y costuracdirector Carlos Gispert a1a. edición  a510 páginas c24 cm e1 folleto, moldes  aIncluye patrones en folleto adicional aCorte y confección -- Bordado, ganchillo y tejido a dos agujas -- El cuidado de la indumentaria --- Folleto: Patrón multitalla142LEMBaCosturaxManuales 142LEMBaBordados xManuales 142LEMB aCorte y confección xManuales 142LEMB aLabores de aguja xManuales 2ddccREF aBarcelonabOcéanoc2007 atextobtxt2rdacontent asin mediaciónbn2rdamedia avolumenbnc2rdacarrier aCO-BoRNBPbspaerdacCO-BoRNBP c5930d5930